000 00681nam a2200289Ia 4500
005 20260324112243.0
008 008 260324s9999 xx 000 0 eng d
020 _a9781032722207
037 _aEBOOK
040 _aCRL
040 _beng
040 _cCRL
041 _2eng
041 _aeng
084 _qCRL
100 _aMark Liu
_91141928
245 0 _aAlphaGo Simplified
245 0 _bRule-Based AI and Deep Learning in Everyday Games
260 _bTaylor and Francis
260 _c2024
365 _a
365 _b260
856 _uhttp://www.taylorfrancis.com/books/9781032722207
942 _cEBOOK
999 _c1731072
_d1731072